000 00512cam a2200217 4500
001 B1895
008 090401t1988 xxu||||| |||| 00| 0 eng d
035 _a(Sirsi) u46932
041 _aeng
050 _a333.337
110 _aDebenham Tewson and Chinnocks
_93135
245 _aShop rent and rates 1988
260 _aLondon
_bDebenham Tewson and Chinnocks
_c1988
300 _a22p. ; 30cm.
350 _a10
650 _aRATES
650 _aRENT
650 _aSHOPS
942 _n0
948 _c04/03/1997
999 _c92046
_d92046